Statistics for Top 15 Players on the 2016-2017 Golden State Warriors

Click here to take the quiz!

General Stats

  • This quiz has been taken 214 times
  • The average score is 8 of 15

Answer Stats

Hint Answer % Correct
1Stephen Curry
99%
2Kevin Durant
95%
3Klay Thompson
95%
4Draymond Green
95%
7Andre Iguodala
70%
12Zaza Pachulia
68%
10Shaun Livingston
64%
5David West
47%
13Ian Clark
38%
15Patrick McCaw
35%
11Anderson Varejao
22%
6Andrew Bogut
21%
9Kevin Looney
13%
8Festus Ezeli
8%
14Damion Jones
8%

Score Distribution

Percentile by Number Answered

Percent of People with Each Score

Your Score History

You have not taken this quiz